000 01689cam a22004694i 4500
003 PE-LiUPU
005 20250731172923.0
008 150623s r 000 0 d
020 _a0664254101
035 _a(Sirsi) i9780664254100
040 _aPE-LiUPU
_bspa
_cPE-LiUPU
_erda
049 _aPRUA
082 0 4 _a241.5
_bJ21
_221
100 1 _aJanzen, Waldemar,
_eautor.
245 1 0 _aOld Testament ethics :
_ba paradigmatic approach /
_cWaldemar Janzen.
264 1 _aLouisville, Kentucky :
_bWestminster7John knox press,
_c1994.
300 _a236 páginas ;
_c23 centímetros
336 _atext
_2rdacontent
337 _aunmediated
_2rdamedia
338 _avolume
_2rdacarrier
504 _aBibliografía al final de cada capítulo.
505 0 _aEthical model stories. -The familial paradigm. -Principle and law. -The decalogue. -The priestly and wisdom paradigms. -The royal and prophetic paradigms. -The old testament paradigms and the paradigm of Jesus.
526 _aSEG42
526 _aSEG41
526 _aSEG40
526 _aSEG39
526 _aP94
526 _aP87
526 _aP86
526 _aP85
526 _aP77
526 _aP76
526 _aP35
630 _aBiblia.
_pA.T.
_xTEOLOGIA.
650 0 4 _aÉtica en la Biblia.
942 _2ddc
_cBOOK
949 _a241.5 J21
_wDEWEY
_c1
_i43813
_lCCODEBUL1
_mBUL
_r0
_sY
_tBOOK
_u2015-6-24
_xTEOLOGIA
_PP35
_0COMPRA
_o.STAFF. Colección General
994 _aC0
_bPEPRU
596 _a1
999 _a241.5 J21
_wDEWEY
_c20216
_i43813
_f2021-11-11
_g6
_lCCODEBUL1
_mBUL
_r0
_sY
_tBOOK
_u2015-6-24
_xTEOLOGIA
_PP35
_0COMPRA
_o.STAFF. Colección General
_d20216
980 _81
_gALBERTO SANCHEZ Responsable de Automatización